Bibliotecas juveniles : (Record n. 30535)

Dettagli MARC
000 -LEADER
fixed length control field 00821nam a2200217 i 4500
003 - CONTROL NUMBER IDENTIFIER
control field IT-RoINE
005 - DATE AND TIME OF LATEST TRANSACTION
control field 20190523071643.0
008 - FIXED-LENGTH DATA ELEMENTS--GENERAL INFORMATION
fixed length control field 911210s1942 sp r 0001| spa d
040 ## - CATALOGING SOURCE
Original cataloging agency SpMaBN
Language of cataloging spa
Transcribing agency SpMaBN IT-RoINE
Description conventions rdc
Modifying agency IT-RoINE
100 1# - MAIN ENTRY--PERSONAL NAME
Personal name Maqua, Alberto de
9 (RLIN) 59907
245 10 - TITLE STATEMENT
Title Bibliotecas juveniles :
Remainder of title su organización y funcionamiento, seguido de un apéndice sobre bibliotecas infantiles /
Statement of responsibility, etc Alberto de Maqua ; prólogo de Martín de la Torre.
260 ## - PUBLICATION, DISTRIBUTION, ETC. (IMPRINT)
Place of publication, distribution, etc Madrid :
Name of publisher, distributor, etc Ediciones Juventudes Acción Católica,
Date of publication, distribution, etc 1942.
300 ## - PHYSICAL DESCRIPTION
Extent 90 p. :
Other physical details il. ;
Dimensions 22 cm
336 ## - CONTENT TYPE
Source rdacontent
Content type term text
337 ## - MEDIA TYPE
Source rdamedia
Media type term unmediated
338 ## - CARRIER TYPE
Source rdacarrier
Carrier type term volume
650 #4 - SUBJECT ADDED ENTRY--TOPICAL TERM
Topical term or geographic name as entry element Bibliotecas para niños
9 (RLIN) 59908
650 #4 - SUBJECT ADDED ENTRY--TOPICAL TERM
Topical term or geographic name as entry element Catalogación
9 (RLIN) 59909
700 1# - ADDED ENTRY--PERSONAL NAME
9 (RLIN) 50906
Personal name Torre, Martín de la,
Dates associated with a name 1878-1944
942 ## - ADDED ENTRY ELEMENTS (KOHA)
Item type Monografías
Dati di copia
Withdrawn status Lost status Damaged status Not for loan Home library Current library Date acquired Total Checkouts Full call number Barcode Date last seen Price effective from Koha item type
        Iglesia Nacional Española en Roma Iglesia Nacional Española en Roma 23/05/2019   PAT.HIS 123 56695 26/10/2020 23/05/2019 Monografías